| Tag |
First Indicator |
Second Indicator |
Subfields |
| LEADER |
00000cam a2200000 i 4500 |
| 001 |
in00004771328 |
| 006 |
m o d |
| 007 |
cr |n||||||||| |
| 008 |
181209t20182018enk ob 001 0 eng d |
| 005 |
20240206230443.9 |
| 010 |
|
|
|a 2018026566
|
| 035 |
|
|
|a (OCoLC)on1078907866
|
| 040 |
|
|
|a COO
|b eng
|e rda
|c COO
|d YOU
|d UAB
|d OCLCF
|d IHT
|d YDX
|d OCLCQ
|d OCLCO
|d AUD
|d VT2
|d OCLCA
|d OCLCO
|d OCLCQ
|d OCLCO
|d OCLCL
|
| 015 |
|
|
|a GBB8I9082
|2 bnb
|
| 016 |
7 |
|
|a 019086119
|2 Uk
|
| 019 |
|
|
|a 1091076681
|a 1228609712
|a 1240524654
|
| 020 |
|
|
|a 9781108420846
|
| 020 |
|
|
|a 1108420842
|
| 020 |
|
|
|a 9781108431019
|q (paperback
|q alkaline paper)
|
| 020 |
|
|
|a 1108431011
|q (paperback
|q alkaline paper)
|
| 035 |
|
|
|a (OCoLC)1078907866
|z (OCoLC)1091076681
|z (OCoLC)1228609712
|z (OCoLC)1240524654
|
| 043 |
|
|
|a e-hu---
|
| 050 |
1 |
4 |
|a RC181.H9
|b V37 2018
|
| 060 |
0 |
0 |
|a 2019 B-889
|
| 060 |
1 |
0 |
|a WC 556
|
| 082 |
0 |
4 |
|a 616.8/35009439
|2 23
|
| 049 |
|
|
|a TXAM
|
| 100 |
1 |
|
|a Vargha, Dóra,
|d 1979-
|e author.
|1 https://id.oclc.org/worldcat/entity/E39PCjBvWtvch4kbkcmxqKWjBX
|
| 245 |
1 |
0 |
|a Polio across the Iron Curtain :
|b Hungary's Cold War with an epidemic /
|c Dóra Vargha.
|
| 264 |
|
1 |
|a Cambridge, United Kingdom ;
|a New York, NY :
|b Cambridge University Press,
|c 2018.
|
| 264 |
|
4 |
|c ©2018
|
| 300 |
|
|
|a 1 online resource
|
| 336 |
|
|
|a text
|b txt
|2 rdacontent
|
| 337 |
|
|
|a computer
|b c
|2 rdamedia
|
| 338 |
|
|
|a online resource
|b cr
|2 rdacarrier
|
| 500 |
|
|
|a Title from content provider.
|
| 504 |
|
|
|a Includes bibliographical references and index.
|
| 520 |
|
|
|a "By the end of the 1950s Hungary became an unlikely leader in what we now call global health. Only three years after Soviet tanks crushed the revolution of 1956, Hungary became one of the first countries to introduce the Sabin vaccine into its national vaccination programme"--|cProvided by publisher
|
| 505 |
0 |
|
|a The power of polio -- Iron Curtain, iron lungs -- Unlikely allies -- Local failure in a global success -- Sabin saves the day -- After the end of polio.
|
| 650 |
|
0 |
|a Poliomyelitis
|z Hungary
|x History.
|
| 650 |
|
0 |
|a Poliomyelitis vaccine, Oral
|x History.
|
| 650 |
|
0 |
|a World health
|x History
|y 20th century.
|
| 650 |
1 |
2 |
|a Poliovirus Vaccine, Oral
|x history
|
| 650 |
2 |
2 |
|a Poliomyelitis
|x history
|
| 650 |
2 |
2 |
|a Global Health
|x history
|
| 650 |
2 |
2 |
|a History, 20th Century
|
| 651 |
|
2 |
|a Hungary
|
| 650 |
|
6 |
|a Poliomyélite
|z Hongrie
|x Histoire.
|
| 650 |
|
6 |
|a Vaccin antipoliomyélitique oral
|x Histoire.
|
| 650 |
|
6 |
|a Santé mondiale
|x Histoire
|y 20e siècle.
|
| 650 |
|
6 |
|a Médecine
|x Histoire
|y 20e siècle.
|
| 650 |
|
7 |
|a Poliomyelitis.
|2 fast
|0 (OCoLC)fst01068830
|
| 650 |
|
7 |
|a Poliomyelitis vaccine, Oral.
|2 fast
|0 (OCoLC)fst01068854
|
| 650 |
|
7 |
|a World health.
|2 fast
|0 (OCoLC)fst01181338
|
| 651 |
|
7 |
|a Hungary.
|2 fast
|0 (OCoLC)fst01205132
|1 https://id.oclc.org/worldcat/entity/E39PBJqBtb4QKCYGrVyyWtMQMP
|
| 648 |
|
7 |
|a 1900-1999
|2 fast
|
| 655 |
|
7 |
|a Electronic books.
|2 local
|
| 655 |
|
7 |
|a History.
|2 fast
|0 (OCoLC)fst01411628
|
| 710 |
2 |
|
|a Cambridge University Press.
|
| 830 |
|
0 |
|a Global health histories (Series)
|
| 856 |
4 |
0 |
|u https://doi.org/10.1017/9781108355421
|z Connect to the full text of this electronic book
|t 0
|
| 955 |
|
|
|a Cambridge Open Access ebooks
|
| 994 |
|
|
|a 92
|b TXA
|
| 999 |
f |
f |
|s b97a4327-abfc-447e-b6d6-12e4c608fd1a
|i 9e0f04ad-a890-4b9d-a0b4-3d5c671aac51
|t 0
|
| 952 |
f |
f |
|a Texas A&M University
|b College Station
|c Electronic Resources
|s www_evans
|d Available Online
|t 0
|e RC181.H9 V37 2018
|h Library of Congress classification
|